00410pab a2200145 454500008004000000100002400040245007900064260000900143300001300152362001000165650002500175650002100200650002300221773002000244180718b2011 xxu||||| |||| 00| 0 eng d aPadhi, Sambit Kumar aIssues, challenges and reforms in higher education for a knowledge society c2011 ap.12-17. a3 Jun aKnowledge management aHigher education aEducational reform aUniversity News